000 00559nam a2200229Ia 4500
003 OSt
005 20221005120951.0
006 a|||||r|||| 00| 0
007 ta
008 221004b |||||||| |||| 00| 0 kan d
024 _a60753
037 _cTextual
040 _aCRL
_cCRL
_bkan
041 _2kan
_akan
082 _aO33,6x, K9
100 _aGowda D Javare Au.
_9629890
245 0 _aGadya vihara
260 _c1969
650 _aKANNAD PROSE
942 _hO33,6x, K9
_cTEXL
_2cc
999 _c1039705
_d1039705